[Event "Prva liga Centalne Srbije 2009"]
[Site "Vrnjacka Banja"]
[Date "2009.09.19"]
[Round "1.1"]
[White "Marinkovic, Slavisa"]
[Black "Kojovic, Dragan"]
[Result "1/2-1/2"]
[WhiteElo "2397"]
[BlackElo "2389"]
[PlyCount "154"]
[EventDate "2009.09.19"]

1. e4 c5 2. Nf3 d6 3. d4 cxd4 4. Nxd4 Nf6 5. Nc3 a6 6. g3 e5 7. Nb3 Be7 8. Bg2
O-O 9. O-O Nbd7 10. a4 Nb6 11. a5 Nc4 12. Qe2 Qc7 13. Ra4 b5 14. axb6 Nxb6 15.
Ra1 Be6 16. Rd1 Bg4 17. Bf3 Be6 18. Na5 Rfc8 19. Be3 Rab8 20. Nd5 Nbxd5 21.
exd5 Bd7 22. Qxa6 Rxb2 23. Nc6 Bxc6 24. dxc6 e4 25. Bd4 Rbb8 26. Bg2 Qxc6 27.
Qxc6 Rxc6 28. Ra7 Bd8 29. Bxf6 Bxf6 30. Bxe4 Rc4 31. Bd5 Rxc2 32. Bxf7+ Kh8 33.
Rxd6 Rf8 34. Rdd7 Rc1+ 35. Kg2 Rc2 36. h4 Rb2 37. h5 h6 38. Ra2 Rxa2 39. Bxa2
Rd8 40. Rf7 Ra8 41. Be6 Re8 42. Bd7 Rb8 43. f4 Kg8 44. Be6 Kh8 45. Kf3 Re8 46.
Bd7 Rb8 47. Ke4 Kg8 48. Be6 Kh7 49. Bd5 Re8+ 50. Kf5 Be7 51. Be4 Bb4 52. Rb7
Be1 53. Rb3 Kh8 54. Bd5 Rf8+ 55. Kg4 Ba5 56. Rb7 Be1 57. Bf7 Rd8 58. Kf3 Bc3
59. g4 Bd2 60. Ke4 Ra8 61. Rd7 Bc1 62. Kf5 Rb8 63. g5 hxg5 64. fxg5 Bb2 65. Be6
Re8 66. Bd5 Rb8 67. Kg6 Rb6+ 68. Kf7 Rb8 69. Bc6 Rc8 70. Bb7 Rb8 71. Kg6 Re8
72. h6 Re6+ 73. Kf7 Re2 74. Ba6 Rf2+ 75. Kg6 Rf8 76. hxg7+ Bxg7 77. Rxg7 Rf6+
1/2-1/2

[Event "Prva liga Centalne Srbije 2009"]
[Site "Vrnjacka Banja"]
[Date "2009.09.19"]
[Round "1.1"]
[White "Solomunovic, Igor"]
[Black "Certic, Branimir"]
[Result "1-0"]
[WhiteElo "2422"]
[BlackElo "2413"]
[PlyCount "93"]
[EventDate "2009.09.19"]

1. e4 e6 2. d4 d5 3. exd5 exd5 4. c4 Bb4+ 5. Nc3 Ne7 6. Bd3 Nbc6 7. Nge2 dxc4
8. Bxc4 O-O 9. O-O Nf5 10. Be3 Nxe3 11. fxe3 Qg5 12. Nf4 Bf5 13. a3 Bd6 14. Qf3
Rae8 15. Rad1 h6 16. h3 Na5 17. Ba2 Bc2 18. Rc1 Bb3 19. Bb1 f5 20. Nb5 Nc6 21.
Nxd6 cxd6 22. Rc3 Bf7 23. Nd5 Kh8 24. Qxf5 Qxf5 25. Rxf5 Nxd4 26. exd4 Bxd5 27.
Rxf8+ Rxf8 28. Rc7 g5 29. Rh7+ Kg8 30. Rxh6 Rc8 31. Bf5 Rc1+ 32. Kf2 Bc4 33.
Kg3 d5 34. Kg4 Rg1 35. Kxg5 Rxg2+ 36. Kf6 Rf2 37. Ke5 Rxb2 38. h4 Rb3 39. Rh7
Rxa3 40. Rxb7 Kf8 41. Kf6 Rb3 42. Rxa7 Re3 43. Ra8+ Re8 44. Rxe8+ Kxe8 45. Kg7
Be2 46. Bg6+ Ke7 47. h5 1-0

[Event "Prva liga Centalne Srbije 2009"]
[Site "Vrnjacka Banja"]
[Date "2009.09.19"]
[Round "1.1"]
[White "Stamenkovic, Dragan"]
[Black "Rabrenovic, Vladan"]
[Result "1-0"]
[WhiteElo "2391"]
[BlackElo "2380"]
[PlyCount "69"]
[EventDate "2009.09.19"]

1. d4 d6 2. e4 Nf6 3. Nc3 e5 4. Nf3 Nbd7 5. Bc4 Be7 6. O-O O-O 7. a4 c6 8. Re1
a5 9. b3 h6 10. Ba3 Re8 11. h3 Qc7 12. dxe5 dxe5 13. Bxe7 Rxe7 14. Nh4 Nb6 15.
Bf1 g5 16. Qf3 Kg7 17. Nf5+ Bxf5 18. Qxf5 Rd8 19. Rad1 Rxd1 20. Nxd1 Nc8 21.
Qf3 Nd6 22. Bd3 Qb6 23. Ne3 Re6 24. h4 Qb4 25. Rd1 Kf8 26. hxg5 hxg5 27. Nf5 g4
28. Qe3 Nxf5 29. exf5 Re8 30. Bc4 Qe7 31. Qh6+ Kg8 32. g3 b5 33. Kg2 Nd5 34.
Bxd5 cxd5 35. f6 1-0

[Event "Prva liga Centalne Srbije 2009"]
[Site "Vrnjacka Banja"]
[Date "2009.09.19"]
[Round "1.1"]
[White "Irizanin, Radoje"]
[Black "Jesic, Dusan"]
[Result "1-0"]
[WhiteElo "2303"]
[BlackElo "2395"]
[PlyCount "77"]
[EventDate "2009.09.19"]

1. e4 c5 2. Nc3 e6 3. f4 d5 4. Nf3 a6 5. g3 Nc6 6. d3 g6 7. Bg2 Bg7 8. O-O Nge7
9. Nh4 Nd4 10. Ne2 O-O 11. c3 Ndc6 12. Be3 b6 13. g4 f5 14. gxf5 exf5 15. e5
Qc7 16. d4 c4 17. Nf3 Kh8 18. Qe1 Be6 19. Bf2 b5 20. Bh4 a5 21. Bxe7 Qxe7 22.
Nd2 Rab8 23. Kh1 Qd7 24. b3 Rfc8 25. Qf2 Bf8 26. Rfc1 Rc7 27. Qf3 Ba3 28. Rd1
Ne7 29. Rab1 b4 30. cxb4 axb4 31. bxc4 dxc4 32. Qxa3 bxa3 33. Rxb8+ Kg7 34. Nb1
Nc6 35. Rb5 Nxd4 36. Nxd4 c3 37. Nxc3 Rxc3 38. Rb7 Qxb7 39. Nxe6+ 1-0

[Event "Prva liga Centalne Srbije 2009"]
[Site "Vrnjacka Banja"]
[Date "2009.09.19"]
[Round "1.1"]
[White "Jovanovic, Zoran Z"]
[Black "Mirkovic, Stevan"]
[Result "1/2-1/2"]
[WhiteElo "2354"]
[BlackElo "2245"]
[PlyCount "87"]
[EventDate "2009.09.19"]

1. d4 Nf6 2. c4 e6 3. Nf3 b6 4. g3 Ba6 5. b3 b5 6. Bg2 bxc4 7. Ne5 Bb4+ 8. Kf1
d5 9. bxc4 O-O 10. Bg5 Be7 11. Nc3 c6 12. c5 Nfd7 13. Nxd7 Bxg5 14. Nxf8 Qxf8
15. f4 Bf6 16. Bf3 Nd7 17. Rc1 g5 18. fxg5 Bxg5 19. Rb1 Bc4 20. Kf2 e5 21. h4
Bh6 22. e3 Re8 23. Bxd5 cxd5 24. Qg4+ Kh8 25. Qxd7 Bxe3+ 26. Kg2 exd4 27. Nd1
Bd3 28. Rb7 Be4+ 29. Kh2 Bxh1 30. Kxh1 d3 31. Nxe3 Rxe3 32. Qxd5 Qe8 33. Rd7
Re1+ 34. Kh2 Qe2+ 35. Kh3 Rh1+ 36. Qxh1 Qe6+ 37. g4 Qxd7 38. Qa8+ Kg7 39. c6
Qd6 40. c7 Qxc7 41. Qd5 Qc3 42. Qg5+ Kf8 43. Qd8+ Kg7 44. Qg5+ 1/2-1/2

[Event "Prva liga Centalne Srbije 2009"]
[Site "Vrnjacka Banja"]
[Date "2009.09.19"]
[Round "1.1"]
[White "Radivojevic, Miladin"]
[Black "Kosanovic, Dragan"]
[Result "0-1"]
[WhiteElo "2163"]
[BlackElo "2314"]
[PlyCount "76"]
[EventDate "2009.09.19"]

1. e4 c5 2. Nf3 Nc6 3. Nc3 e6 4. d4 cxd4 5. Nxd4 Nf6 6. Ndb5 d6 7. Bf4 e5 8.
Bg5 a6 9. Bxf6 gxf6 10. Na3 b5 11. Nd5 Bg7 12. c3 f5 13. Bd3 Ne7 14. Nxe7 Qxe7
15. Nc2 Qb7 16. Qe2 fxe4 17. Bxe4 d5 18. Bf3 O-O 19. g3 Be6 20. O-O f5 21. Rad1
Rad8 22. Rfe1 Qf7 23. Nb4 e4 24. Nxa6 d4 25. Bh5 Qf6 26. Qxb5 dxc3 27. bxc3
Qxc3 28. Qb6 Bxa2 29. Rc1 Qd4 30. Qa5 Bc4 31. Nc7 f4 32. Red1 fxg3 33. Rxd4
gxf2+ 34. Kh1 Rxd4 35. Bg4 e3 36. Bh5 Rd2 37. Bf7+ Rxf7 38. Qa8+ Rf8 0-1

[Event "Prva liga Centalne Srbije 2009"]
[Site "Vrnjacka Banja"]
[Date "2009.09.19"]
[Round "1.2"]
[White "Boskovic, Drasko"]
[Black "Janev, Evgeni"]
[Result "1-0"]
[WhiteElo "2436"]
[BlackElo "2461"]
[PlyCount "95"]
[EventDate "2009.09.19"]

1. e4 e5 2. Nf3 Nc6 3. Bc4 Bc5 4. c3 Nf6 5. d4 exd4 6. cxd4 Bb4+ 7. Bd2 Bxd2+
8. Nbxd2 d5 9. exd5 Nxd5 10. Qb3 Nce7 11. O-O O-O 12. Rfe1 c6 13. Qa3 a5 14.
Ne4 Nb6 15. Bf1 Ned5 16. Ne5 Nb4 17. Qc3 Bf5 18. Ng3 Be6 19. a3 N4d5 20. Qd2
Re8 21. h3 a4 22. Rad1 Qc7 23. Ne4 f6 24. Nd3 Bf7 25. Ndc5 Nc8 26. Qc2 Qa5 27.
Nxb7 Qc7 28. Nbc5 Ncb6 29. g3 Re7 30. Nc3 Nxc3 31. Qxc3 Nd5 32. Qc2 Rxe1 33.
Rxe1 Qa5 34. Rc1 Nb6 35. Bd3 g6 36. Be4 Rd8 37. Nb7 Qa8 38. Nxd8 Qxd8 39. Qc5
f5 40. Bxc6 f4 41. Bg2 fxg3 42. fxg3 h5 43. h4 Kh7 44. Kh2 Kg8 45. d5 Qf6 46.
Rf1 Qxb2 47. Qe7 Bxd5 48. Rf8# 1-0

[Event "Prva liga Centalne Srbije 2009"]
[Site "Vrnjacka Banja"]
[Date "2009.09.19"]
[Round "1.2"]
[White "Radovanovic, Dusan"]
[Black "Pancevski, Filip"]
[Result "0-1"]
[WhiteElo "2352"]
[BlackElo "2432"]
[PlyCount "122"]
[EventDate "2009.09.19"]

1. d4 g6 2. e4 c6 3. Nc3 Bg7 4. h3 d6 5. Nf3 Nd7 6. Bc4 d5 7. exd5 Nb6 8. Bb3
Nxd5 9. Nxd5 cxd5 10. O-O Nf6 11. Bf4 O-O 12. Re1 b6 13. Qe2 e6 14. Qe3 Re8 15.
Ne5 a6 16. Bh6 Bh8 17. Qf4 Qe7 18. Bg5 Nh5 19. Bxe7 Nxf4 20. Bd6 Nh5 21. c3 Nf6
22. f3 Ra7 23. Nd3 Rd8 24. Be5 a5 25. Ba4 Ba6 26. Rad1 Bg7 27. g4 h6 28. Nf4 g5
29. Ng2 b5 30. Bb3 Rc8 31. a3 Nd7 32. Bxg7 Kxg7 33. Ne3 b4 34. cxb4 axb4 35.
axb4 Rb7 36. Nc2 Bc4 37. Bxc4 Rxc4 38. Rd2 Rbc7 39. Ree2 Nb6 40. Kg2 Nc8 41. h4
Nd6 42. Kg3 Ra7 43. hxg5 hxg5 44. Re5 Kf6 45. Re3 Rac7 46. Ree2 Rc8 47. Rh2 Kg6
48. Rhe2 Nb7 49. Kf2 Nd6 50. Ke3 R4c7 51. Na3 Nc4+ 52. Nxc4 Rxc4 53. Kd3 Rxb4
54. Rc2 Rcb8 55. Ke3 Rb3+ 56. Kf2 Kf6 57. Red2 R8b4 58. Kg2 Ke7 59. Rf2 Rxd4
60. Rf1 Rdb4 61. Rff2 Rd3 0-1

[Event "Prva liga Centalne Srbije 2009"]
[Site "Vrnjacka Banja"]
[Date "2009.09.19"]
[Round "1.2"]
[White "Stankovic, Milos"]
[Black "Zivkovic, Ivan B"]
[Result "1-0"]
[WhiteElo "2357"]
[BlackElo "2341"]
[PlyCount "107"]
[EventDate "2009.09.19"]

1. e4 c5 2. Nf3 d6 3. d4 cxd4 4. Nxd4 Nf6 5. Nc3 g6 6. Be3 Bg7 7. f3 O-O 8. Qd2
Nc6 9. O-O-O d5 10. Kb1 Nxd4 11. e5 Nf5 12. exf6 Bxf6 13. Nxd5 Qxd5 14. Qxd5
Nxe3 15. Qd3 Nxd1 16. Qxd1 Be6 17. Bb5 Rfd8 18. Qc1 Rd6 19. Ba4 Rad8 20. Bb3
Kg7 21. h4 h5 22. g4 hxg4 23. Bxe6 Rxe6 24. fxg4 Rb6 25. c3 Rd3 26. Kc2 Rg3 27.
Rg1 Rh3 28. g5 Rh2+ 29. Kb1 Be5 30. Re1 f6 31. Re4 Kf7 32. a4 Rhxb2+ 33. Qxb2
Bxc3 34. Qxb6 axb6 35. Kc2 Be5 36. Kd3 Bg3 37. Rb4 Bf2 38. Ke2 Bc5 39. Rb5 Bg1
40. Kf3 fxg5 41. Rxg5 Bc5 42. Ke4 Kf6 43. Rg2 Bb4 44. Kd5 Kf5 45. Rg5+ Kf6 46.
Rg4 Bd2 47. Rg2 e6+ 48. Kd4 Be1 49. Rb2 Kf5 50. Ke3 Ba5 51. Rb5+ Kf6 52. Ke4
Ke7 53. Rb3 Kd6 54. Kf4 1-0

[Event "Prva liga Centalne Srbije 2009"]
[Site "Vrnjacka Banja"]
[Date "2009.09.19"]
[Round "1.2"]
[White "Dudukovic, Nikola"]
[Black "Milenkovic, Mladen"]
[Result "1-0"]
[WhiteElo "2210"]
[BlackElo "2341"]
[PlyCount "125"]
[EventDate "2009.09.19"]

1. e4 c5 2. Nc3 Nc6 3. g3 g6 4. Bg2 Bg7 5. d3 d6 6. Nge2 Rb8 7. Be3 Nd4 8. O-O
b5 9. Qd2 b4 10. Nd1 e6 11. Nc1 Ne7 12. c3 Ndc6 13. Bh6 bxc3 14. bxc3 O-O 15.
Bxg7 Kxg7 16. f4 d5 17. e5 f6 18. exf6+ Rxf6 19. Nb3 Qb6 20. Qf2 c4 21. dxc4
dxc4 22. Nd2 Qxf2+ 23. Rxf2 Na5 24. Ne3 Ba6 25. Ne4 Rff8 26. Nc5 Bc8 27. Bf1
Rb6 28. Rd1 Nf5 29. Ng4 Rb5 30. Nb3 Nxb3 31. Bxc4 Nbd4 32. cxd4 Rb4 33. Ne5 Bb7
34. Bxe6 Nxd4 35. Bc4 Rd8 36. Rfd2 Rxc4 37. Nxc4 Nf3+ 38. Kf2 Nxd2 39. Rxd2
Rxd2+ 40. Nxd2 Bd5 41. a3 h6 42. Ke3 Kf6 43. Ne4+ Kf5 44. g4+ Ke6 45. h4 h5 46.
gxh5 gxh5 47. Ng3 Bb3 48. Nxh5 Kf5 49. Ng7+ Kg6 50. Ne8 Kh5 51. f5 Kxh4 52. Kf4
Kh5 53. Ke5 Kh6 54. Kf6 Kh5 55. Ke7 Kg5 56. f6 Kf5 57. Nc7 Ke5 58. Nb5 a5 59.
Na7 a4 60. Nc8 Bg8 61. Nb6 Kd4 62. Nxa4 Kc4 63. Nb2+ 1-0

[Event "Prva liga Centalne Srbije 2009"]
[Site "Vrnjacka Banja"]
[Date "2009.09.19"]
[Round "1.2"]
[White "Misailovic, Nebojsa"]
[Black "Kolarevic, Darko"]
[Result "1-0"]
[WhiteElo "2291"]
[BlackElo "2179"]
[PlyCount "89"]
[EventDate "2009.09.19"]

1. Nf3 Nf6 2. c4 g6 3. g3 Bg7 4. Bg2 O-O 5. O-O d6 6. d4 c5 7. Nc3 Nc6 8. h3
cxd4 9. Nxd4 Bd7 10. Be3 Qa5 11. Nd5 Nxd5 12. cxd5 Nxd4 13. Bxd4 Bxd4 14. Qxd4
Rac8 15. Rfc1 Rxc1+ 16. Rxc1 Rc8 17. Rxc8+ Bxc8 18. Qe3 Kf8 19. Qh6+ Kg8 20.
Qc1 Bf5 21. a3 Qb6 22. Qd2 Qc5 23. b4 Qc4 24. Qe3 Kf8 25. Qxa7 Qxe2 26. Qb8+
Kg7 27. Qxb7 Qe1+ 28. Kh2 Qxf2 29. Qxe7 Qb6 30. Qe1 h5 31. Qg1 Qb5 32. Qd4+ Kh7
33. Qf6 Qd7 34. a4 Bc2 35. a5 Bd3 36. Qd4 Qb5 37. Qb6 Qxb6 38. axb6 Ba6 39. Bf1
Bb7 40. Bb5 Bxd5 41. Ba6 Kg7 42. b7 Bxb7 43. Bxb7 Kf6 44. Bd5 Ke7 45. b5 1-0

[Event "Prva liga Centalne Srbije 2009"]
[Site "Vrnjacka Banja"]
[Date "2009.09.19"]
[Round "1.2"]
[White "Pajic, Milomir"]
[Black "Marinkovic, Zoran"]
[Result "0-1"]
[WhiteElo "2198"]
[BlackElo "2259"]
[PlyCount "54"]
[EventDate "2009.09.19"]

1. c4 c5 2. Nc3 Nc6 3. g3 Nf6 4. Bg2 e6 5. e4 d6 6. Nge2 Be7 7. O-O Nd4 8. d3
Bd7 9. Be3 Qb6 10. Rb1 Ng4 11. Bc1 Ne5 12. Nxd4 cxd4 13. Ne2 a5 14. b3 O-O 15.
h3 Nc6 16. a3 f5 17. exf5 Rxf5 18. g4 Rff8 19. Ng3 Bh4 20. Ne4 Ne7 21. Bd2 d5
22. Ng3 Qd6 23. Ne2 dxc4 24. bxc4 Bc6 25. f3 Ng6 26. Be1 Bxe1 27. Qxe1 e5 0-1

[Event "Prva liga Centalne Srbije 2009"]
[Site "Vrnjacka Banja"]
[Date "2009.09.19"]
[Round "1.3"]
[White "Petkov, Vladimir"]
[Black "Spasov, Vasil"]
[Result "1/2-1/2"]
[WhiteElo "2456"]
[BlackElo "2592"]
[PlyCount "25"]
[EventDate "2009.09.19"]

1. Nf3 Nf6 2. c4 g6 3. Nc3 Bg7 4. g3 O-O 5. Bg2 c6 6. O-O d5 7. cxd5 cxd5 8. d4
e6 9. Bf4 Nc6 10. Ne5 Bd7 11. Qd2 Nxe5 12. Bxe5 Rc8 13. Rfc1 1/2-1/2

[Event "Prva liga Centalne Srbije 2009"]
[Site "Vrnjacka Banja"]
[Date "2009.09.19"]
[Round "1.3"]
[White "Vojinovic, Goran"]
[Black "Paunovic, Tomislav"]
[Result "1/2-1/2"]
[WhiteElo "2458"]
[BlackElo "2355"]
[PlyCount "49"]
[EventDate "2009.09.19"]

1. d4 d5 2. Nf3 c6 3. e3 Nf6 4. c4 Bg4 5. h3 Bxf3 6. Qxf3 e6 7. Nd2 Nbd7 8. Bd3
Bd6 9. O-O O-O 10. Rd1 e5 11. cxd5 cxd5 12. e4 exd4 13. exd5 Ne5 14. Qe2 Re8
15. Bb5 Nc6 16. Qf1 Nxd5 17. Nf3 Qf6 18. Bg5 Qf5 19. Qd3 Qxd3 20. Rxd3 Ndb4 21.
Rdd1 a6 22. Ba4 b5 23. Bb3 Na5 24. Nxd4 Be5 25. Rac1 1/2-1/2

[Event "Prva liga Centalne Srbije 2009"]
[Site "Vrnjacka Banja"]
[Date "2009.09.19"]
[Round "1.3"]
[White "Manic, Jovica"]
[Black "Raicevic, Vladimir"]
[Result "0-1"]
[WhiteElo "2257"]
[BlackElo "2401"]
[PlyCount "64"]
[EventDate "2009.09.19"]

1. Nf3 d5 2. c4 d4 3. e3 c5 4. b4 g6 5. Bb2 Bg7 6. Qa4+ Nc6 7. exd4 cxd4 8. b5
Nb8 9. c5 e5 10. Na3 Ne7 11. b6+ Nd7 12. Rc1 O-O 13. Nb5 Nxc5 14. Rxc5 axb6 15.
Qxa8 bxc5 16. Ng5 Qd5 17. f3 h6 18. Ne4 Bf5 19. Qa3 Bxe4 20. fxe4 Qxe4+ 21. Kd1
b6 22. Qd3 Qd5 23. Rg1 e4 24. Qc4 Qd7 25. Kc1 Nc6 26. Kb1 Qf5 27. Qb3 Qf2 28.
Rh1 Ne5 29. Na3 d3 30. Bxe5 Bxe5 31. Bxd3 exd3 32. Qxd3 Qxg2 0-1

[Event "Prva liga Centalne Srbije 2009"]
[Site "Vrnjacka Banja"]
[Date "2009.09.19"]
[Round "1.3"]
[White "Milosevic, Aleksandar"]
[Black "Nikolic, Boban"]
[Result "1/2-1/2"]
[WhiteElo "2280"]
[BlackElo "2236"]
[PlyCount "51"]
[EventDate "2009.09.19"]

1. Nf3 Nf6 2. c4 g6 3. Nc3 Bg7 4. e4 O-O 5. d4 c5 6. Be2 cxd4 7. Nxd4 b6 8. e5
Ne8 9. Bf3 Nc7 10. Bxa8 Nxa8 11. Nf3 Ba6 12. Qe2 Nc7 13. O-O Nc6 14. Rd1 Ne6
15. Nd5 Qb8 16. Rb1 Re8 17. Re1 b5 18. cxb5 Bxb5 19. Qe3 Bc4 20. Nc3 Nb4 21. b3
Bd3 22. Bb2 Bxb1 23. Rxb1 Rc8 24. Rd1 d6 25. exd6 exd6 26. Rd2 1/2-1/2

[Event "Prva liga Centalne Srbije 2009"]
[Site "Vrnjacka Banja"]
[Date "2009.09.19"]
[Round "1.3"]
[White "Markovic, Dejan M"]
[Black "Nesic, Nebojsa"]
[Result "1/2-1/2"]
[WhiteElo "2403"]
[BlackElo "2127"]
[PlyCount "73"]
[EventDate "2009.09.19"]

1. d4 Nf6 2. Nf3 g6 3. g3 Bg7 4. Bg2 O-O 5. O-O d6 6. b3 c5 7. Bb2 Ne4 8. c4
Nc6 9. e3 Qa5 10. Qe2 Bg4 11. h3 Bxf3 12. Bxf3 Ng5 13. Bc3 Qc7 14. d5 Nxf3+ 15.
Qxf3 Ne5 16. Qe2 f5 17. f4 Nd7 18. e4 Rae8 19. exf5 gxf5 20. Rf3 Rf7 21. Nd2
Bd4+ 22. Bxd4 cxd4 23. Qf2 Qb6 24. Re1 Rg7 25. Kh2 Rg6 26. a3 a5 27. b4 axb4
28. Rb3 e5 29. fxe5 Nxe5 30. axb4 Qa7 31. Nf3 d3 32. Kg2 Qa4 33. Nxe5 Qxb3 34.
Nxg6 Rxe1 35. Qxe1 hxg6 36. Qe8+ Kg7 37. Qe7+ 1/2-1/2

[Event "Prva liga Centalne Srbije 2009"]
[Site "Vrnjacka Banja"]
[Date "2009.09.19"]
[Round "1.4"]
[White "Savicevic, Vlatko"]
[Black "Bojkov, Dejan"]
[Result "1/2-1/2"]
[WhiteElo "2331"]
[BlackElo "2528"]
[PlyCount "62"]
[EventDate "2009.09.19"]

1. e4 e5 2. Nf3 Nc6 3. Bb5 a6 4. Ba4 Nf6 5. O-O Be7 6. Bxc6 dxc6 7. d3 Nd7 8.
Nbd2 O-O 9. Nc4 f6 10. Nh4 Nc5 11. Nf5 Bxf5 12. exf5 Qd7 13. Qf3 Rfe8 14. Re1
Bf8 15. Nd2 b6 16. Ne4 Nb7 17. Be3 Kh8 18. Rad1 Nd6 19. g4 c5 20. b3 Qc6 21.
Kg2 Rad8 22. h4 Rd7 23. Ng3 Qxf3+ 24. Kxf3 Nb5 25. Ne4 Na3 26. Rc1 Be7 27. Rg1
Rf8 28. Ke2 Nb5 29. a4 Na7 30. Rg3 Nc6 31. Rcg1 Na5 1/2-1/2

[Event "Prva liga Centalne Srbije 2009"]
[Site "Vrnjacka Banja"]
[Date "2009.09.19"]
[Round "1.4"]
[White "Ristic, Nebojsa M"]
[Black "Simic, Dragisa"]
[Result "0-1"]
[WhiteElo "2377"]
[BlackElo "2348"]
[PlyCount "84"]
[EventDate "2009.09.19"]

1. d4 Nf6 2. Nf3 g6 3. g3 Bg7 4. Bg2 O-O 5. O-O c5 6. dxc5 Qa5 7. Be3 Ng4 8.
Bd4 e5 9. Bc3 Qxc5 10. Nbd2 d5 11. Nb3 Qd6 12. h3 Nh6 13. Qd2 Nc6 14. Rad1 Rd8
15. e3 f6 16. Na5 Nf7 17. Ne1 e4 18. Nxc6 bxc6 19. Ba5 Rd7 20. Qe2 Qc5 21. b4
Qc3 22. f4 Nd6 23. Rb1 Nc4 24. Rb3 Qd2 25. Rf2 Qxe2 26. Rxe2 Ba6 27. Rf2 Nxa5
28. bxa5 Bc4 29. f5 Bxb3 30. cxb3 Bh6 31. Nc2 Kf7 32. h4 g5 33. h5 g4 34. Rd2
Ke7 35. Kf2 c5 36. Ke2 Rb8 37. b4 cxb4 38. Nd4 Rc8 39. Rb2 Rc3 40. Nc2 Rdc7 41.
Nxb4 Rxe3+ 42. Kf2 Kd6 0-1

[Event "Prva liga Centalne Srbije 2009"]
[Site "Vrnjacka Banja"]
[Date "2009.09.19"]
[Round "1.4"]
[White "Adzic, Momcilo"]
[Black "Djokic, Nenad"]
[Result "1/2-1/2"]
[WhiteElo "2258"]
[BlackElo "2349"]
[PlyCount "72"]
[EventDate "2009.09.19"]

1. e4 c5 2. Nc3 Nc6 3. g3 g6 4. Bg2 Bg7 5. d3 d6 6. f4 e6 7. Nf3 Nge7 8. O-O
O-O 9. Be3 Nd4 10. Kh1 Rb8 11. e5 Nef5 12. Bg1 b6 13. exd6 Qxd6 14. Nd2 Bb7 15.
Nce4 Qd7 16. Nc4 Rbd8 17. Re1 Qc7 18. c3 Nb5 19. Qe2 Nbd6 20. Rad1 Nxc4 21.
dxc4 Bc6 22. Bf3 Ba4 23. Rxd8 Rxd8 24. Bf2 Nd6 25. Be3 Nxe4 26. Bxe4 Bc6 27.
Qf3 Bxe4 28. Qxe4 Qd7 29. Kg2 Qd3 30. Qxd3 Rxd3 31. Kf2 Kf8 32. Ke2 Rd7 33. g4
f5 34. h3 Kf7 35. Kf3 Bf6 36. Rc1 Be7 1/2-1/2

[Event "Prva liga Centalne Srbije 2009"]
[Site "Vrnjacka Banja"]
[Date "2009.09.19"]
[Round "1.4"]
[White "Stankovic, Dragan P"]
[Black "Rajevic, Gavrilo"]
[Result "1-0"]
[WhiteElo "2326"]
[BlackElo "2275"]
[PlyCount "103"]
[EventDate "2009.09.19"]

1. d4 Nf6 2. c4 g6 3. Nc3 Bg7 4. e4 d6 5. f4 O-O 6. Nf3 c5 7. d5 b5 8. cxb5 a6
9. a4 Qa5 10. Bd2 e6 11. dxe6 fxe6 12. e5 dxe5 13. fxe5 Ng4 14. Be2 Nd7 15. O-O
Ngxe5 16. Ng5 Rxf1+ 17. Qxf1 Nf6 18. Nce4 Qd8 19. Bc3 Nxe4 20. Nxe4 axb5 21.
Rd1 Qe7 22. Qf4 Nf7 23. Bxg7 Kxg7 24. Bxb5 Ra7 25. Qe3 Rc7 26. Qc3+ e5 27. Bc4
Bb7 28. Bxf7 Bxe4 29. Bc4 Qg5 30. Qd2 Qxd2 31. Rxd2 Bc6 32. a5 Rd7 33. Rxd7+
Bxd7 34. Bd5 Bc8 35. Kf2 Kf6 36. Ke3 Ke7 37. h4 h6 38. g3 Kd6 39. Bc4 g5 40.
hxg5 hxg5 41. Ke4 Bb7+ 42. Kf5 e4 43. a6 Ba8 44. Kxg5 Ke5 45. Be2 Bc6 46. a7
Kd6 47. Kf4 Kc7 48. g4 Kb7 49. Bc4 Kxa7 50. g5 Be8 51. Kxe4 Kb6 52. Kf5 1-0

[Event "Prva liga Centalne Srbije 2009"]
[Site "Vrnjacka Banja"]
[Date "2009.09.19"]
[Round "1.4"]
[White "Jakovljevic, Marko"]
[Black "Obradovic, Blazimir"]
[Result "1/2-1/2"]
[WhiteElo "2002"]
[BlackElo "2207"]
[PlyCount "53"]
[EventDate "2009.09.19"]

1. d4 d5 2. c4 c6 3. Nf3 Nf6 4. Nc3 dxc4 5. Ne5 Bf5 6. Nxc4 e6 7. Bg5 Be7 8. g3
Nbd7 9. Bg2 h6 10. Bf4 Nb6 11. Na5 Qd7 12. e4 Bg4 13. Qb3 O-O 14. a3 Bd8 15.
Be3 Nbd5 16. exd5 Bxa5 17. dxc6 bxc6 18. O-O Nd5 19. Bd2 Rab8 20. Qc2 Bf5 21.
Be4 Bxe4 22. Nxe4 Bxd2 23. Qxd2 Rfd8 24. Nc5 Qd6 25. Ne4 Qd7 26. Nc5 Qd6 27.
Ne4 1/2-1/2

[Event "Prva liga Centalne Srbije 2009"]
[Site "Vrnjacka Banja"]
[Date "2009.09.19"]
[Round "1.4"]
[White "Djoric, Dusan"]
[Black "Draskovic, Dragan"]
[Result "1-0"]
[WhiteElo "2302"]
[BlackElo "2124"]
[PlyCount "71"]
[EventDate "2009.09.19"]

1. Nf3 Nf6 2. c4 g6 3. Nc3 d5 4. cxd5 Nxd5 5. g3 Bg7 6. Bg2 Nb6 7. O-O Nc6 8.
d3 O-O 9. Bg5 h6 10. Bd2 Be6 11. Qc1 Kh7 12. Ne4 Nd7 13. Bc3 f6 14. b4 a5 15.
a3 axb4 16. axb4 Rxa1 17. Qxa1 Qc8 18. b5 Nd8 19. Nd4 Bf7 20. Bh3 f5 21. Nd2 e5
22. N4f3 Re8 23. e4 f4 24. Bxe5 Bxe5 25. Nxe5 Be6 26. Bxe6 Nxe6 27. Ndf3 Nxe5
28. Qxe5 Qd7 29. Qd5 Qxd5 30. exd5 Nc5 31. Rc1 Nxd3 32. Rxc7+ Kg8 33. Rxb7 Rd8
34. b6 g5 35. Rc7 Nc5 36. Rxc5 1-0

[Event "Prva liga Centalne Srbije 2009"]
[Site "Vrnjacka Banja"]
[Date "2009.09.19"]
[Round "1.5"]
[White "Misojcic, Miroslav"]
[Black "Blagojevic, Dragisa"]
[Result "0-1"]
[WhiteElo "2232"]
[BlackElo "2546"]
[PlyCount "56"]
[EventDate "2009.09.19"]

1. d4 Nf6 2. c4 e6 3. Nc3 Bb4 4. e3 b6 5. Nge2 Bb7 6. a3 Be7 7. d5 O-O 8. g3 b5
9. cxb5 Nxd5 10. e4 Nxc3 11. Nxc3 a6 12. bxa6 Nxa6 13. Bg2 Nc5 14. O-O Ba6 15.
Re1 Nd3 16. Re3 Nxc1 17. Rxc1 Qb8 18. Qxd7 Bc5 19. Rf3 Qxb2 20. Rb1 Qc2 21. Bf1
Bxf1 22. Rxf1 Rxa3 23. Qd3 Qxd3 24. Rxd3 Rb8 25. Rfd1 g5 26. e5 Rb4 27. Kg2 Kg7
28. f3 Rbb3 0-1

[Event "Prva liga Centalne Srbije 2009"]
[Site "Vrnjacka Banja"]
[Date "2009.09.19"]
[Round "1.5"]
[White "Tosic, Miroslav"]
[Black "Urosevic, Zoran"]
[Result "1-0"]
[WhiteElo "2441"]
[BlackElo "2292"]
[PlyCount "135"]
[EventDate "2009.09.19"]

1. d4 Nf6 2. c4 c5 3. dxc5 Qa5+ 4. Nc3 Qxc5 5. e4 d6 6. Be3 Qa5 7. Qd2 a6 8.
Nf3 Nbd7 9. Nd4 e6 10. f3 Be7 11. Be2 O-O 12. O-O Qc7 13. Rfc1 b6 14. b4 Bb7
15. a3 Rac8 16. Nb3 Rfd8 17. Bf1 Qb8 18. Kh1 Rc7 19. Rab1 Rdc8 20. Na4 Bc6 21.
Nb2 Qa8 22. a4 Qb8 23. a5 b5 24. Nd4 bxc4 25. Nxc4 Bb7 26. b5 Qa8 27. Nb6 Rxc1
28. Rxc1 Nxb6 29. axb6 Rxc1 30. Qxc1 axb5 31. Bxb5 Bd8 32. Nc6 Nd7 33. Nxd8
Qxd8 34. Qd2 Ne5 35. Qc3 Nd7 36. h3 h6 37. Bd4 f6 38. Bg1 Kf7 39. Qb4 Ke7 40.
Ba4 Qc8 41. Be3 Nc5 42. Bb5 Nd7 43. Qa4 Nb8 44. Qa7 Nc6 45. Qa1 Nd8 46. Bg1 Nc6
47. Qe1 g5 48. Qa1 Qb8 49. Qa4 Qc8 50. Bf2 h5 51. Qa3 h4 52. Be3 e5 53. Kh2 Nd4
54. Bxd4 exd4 55. Qa7 Ke6 56. Ba4 Ke5 57. Bb3 Qc1 58. Qxb7 Qf4+ 59. Kh1 Qc1+
60. Bd1 Qxd1+ 61. Kh2 Qb3 62. Qe7+ Kf4 63. Qxd6+ Ke3 64. e5 fxe5 65. Qxe5+ Kd3
66. Qc7 Qc3 67. Qh7+ Ke2 68. b7 1-0

[Event "Prva liga Centalne Srbije 2009"]
[Site "Vrnjacka Banja"]
[Date "2009.09.19"]
[Round "1.5"]
[White "Pantelic, Sasa"]
[Black "Ristic, Nenad"]
[Result "1/2-1/2"]
[WhiteElo "2320"]
[BlackElo "2407"]
[PlyCount "76"]
[EventDate "2009.09.19"]

1. d4 Nf6 2. c4 c5 3. d5 b5 4. cxb5 a6 5. b6 g6 6. Nc3 Bg7 7. e4 O-O 8. Nf3 e6
9. Be2 exd5 10. exd5 d6 11. Nd2 Nbd7 12. b7 Bxb7 13. Nc4 Nb6 14. Nxb6 Qxb6 15.
O-O Rfe8 16. Rb1 Rab8 17. Be3 Qa5 18. Bc4 Bc8 19. Bf4 Rb4 20. b3 Rxc4 21. bxc4
Qxc3 22. Rc1 Qa5 23. Re1 Rd8 24. Qb3 Bf5 25. Re7 Bf8 26. Rb7 Re8 27. h3 Re1+
28. Kh2 Rxc1 29. Bxc1 h5 30. Bb2 Bg7 31. Bc3 Qd8 32. Qb2 Bc8 33. Rb8 Kh7 34.
Ra8 Ne8 35. Bxg7 Nxg7 36. Qb7 Qf6 37. Rxc8 Qf4+ 38. Kg1 Qc1+ 1/2-1/2